Better Work (Record no. 25973)
[ view plain ]
| 000 -LEADER | |
|---|---|
| fixed length control field | 00525nam a2200121Ia 4500 |
| 008 - FIXED-LENGTH DATA ELEMENTS--GENERAL INFORMATION | |
| fixed length control field | 220620s9999||||xx |||||||||||||| ||und|| |
| 100 ## - MAIN ENTRY--PERSONAL NAME | |
| Personal name | Kremer, Monique||Went, Robert||Engbersen, Godfried |
| 245 #0 - TITLE STATEMENT | |
| Title | Better Work |
| Remainder of title | The Impact of Automation, Flexibilization and Intensification of Work |
| 546 ## - LANGUAGE NOTE | |
| Language note | English[eng] |
| 650 ## - SUBJECT ADDED ENTRY--TOPICAL TERM | |
| Topical term or geographic name entry element | Flexibilization||Open Access||Social Dialogue||Technology (robots, AI)||Welfare State||Work |
| 856 ## - ELECTRONIC LOCATION AND ACCESS | |
| Uniform Resource Identifier | <a href="https://library.oapen.org/bitstream/20.500.12657/51973/1/978-3-030-78682-3.pdf">https://library.oapen.org/bitstream/20.500.12657/51973/1/978-3-030-78682-3.pdf</a> |
| 942 ## - ADDED ENTRY ELEMENTS (KOHA) | |
| Koha item type | E-Books |
| Withdrawn status | Lost status | Damaged status | Not for loan | Home library | Current library | Date acquired | Total Checkouts | Date last seen | Price effective from | Koha item type |
|---|---|---|---|---|---|---|---|---|---|---|
| Kerala University of Digital Sciences, Innovation and Technology Knowledge Centre | Kerala University of Digital Sciences, Innovation and Technology Knowledge Centre | 20/06/2022 | 20/06/2022 | 20/06/2022 | E-Books |